Universal ancestor (Registro nro. 12663)

Detalles MARC
000 -CABECERA
Campo de control 003930000a22001450004500
090 ## - CLASIFICACIÓN LOCAL
Colección AR
Consecutivo 03615
041 0# - IDIOMA
Código de idioma para texto/pista de sonido o título separado
100 1# - ASIENTO PRINCIPAL--NOMBRE PERSONAL
Nombre personal Woese, Carl
245 10 - MENCION DE TITULO
Título Universal ancestor
650 14 - ASIENTO SECUNDARIO DE MATERIA - TERMINO TEMATICO
Término temático o nombre geográfico como elemento de entrada Microbiología
650 14 - ASIENTO SECUNDARIO DE MATERIA - TERMINO TEMATICO
Término temático o nombre geográfico como elemento de entrada Análisis genético
650 14 - ASIENTO SECUNDARIO DE MATERIA - TERMINO TEMATICO
Término temático o nombre geográfico como elemento de entrada Dinámica evolutiva
773 1# - Item fuente:
Título Proceedings Natl. Acad. Sci. USA
Paginas del Articulo 6854-6859
Lugar, editorial y fecha de publicación 1998
Información sobre la relación 95
942 ## - ELEMENTOS ADICIONALES (KOHA)
Tipo de ítem Artículo
Existencias
Withdrawn status Lost status Damaged status No para préstamo Colección Ubicación Permanente Ubicación actual Fecha de adquisición Fuente de Valor Datos de publicación Seriada Total Checkouts Número topográfico Inventario / Código de Barras Date last seen Price effective from Forma de adquisición Tipo de material
      No para Préstamo Hemeroteca Bogotá Bogotá 27/02/2015 Ospina, Fabiola Fuera de circulación   AR 03615 017172 25/03/2015 25/03/2015   Artículo